000 00594nam a2200217Ia 4500
003 0100
008 130303s9999 xx 000 0 und d
040 _cARRUPELIB
050 _aBV820.D81974
100 _aDulles, Avery Robert, 1918-
245 _aChurch membership as a Catholic and ecumenical problem
260 _aMilkwauke
260 _bMarquette University Theology Department
260 _C1974
300 _aiv
300 _b 113p. 18cm.
440 _aPere Marquette theology lecture , 1974
650 _bLanguage-Logic-Art
700 _aAvery Robert Dulles
942 0 0 _01
999 _c30063
_d30063